| 000 | 01013nam a2200241Ia 4500 | ||
|---|---|---|---|
| 003 | GCL | ||
| 005 | 20240530102526.0 | ||
| 008 | 140319s9999 xx 000 0 ara d | ||
| 020 | _a1584601977 | ||
| 040 |
_aGCL / _cGCL |
||
| 082 | 0 | 4 |
_a962.06 _bق/م و |
| 100 | 1 | _aعبدالرؤوف احمد عمرو | |
| 245 | 1 | 0 |
_aالولايات المتحدة الامريكية وثورة يوليو 1952 ( 1952 - 1958 ) / _cعبدالرؤوف احمد عمرو |
| 260 |
_aالقاهرة : _bالهيئة المصرية العامة للكتاب ، _c1999 |
||
| 300 |
_a416 ص ؛ _c22 سم |
||
| 490 |
_aتاريخ المصريين _v131 |
||
| 650 | 0 | 4 | _aالاعتداء الثلاثى على مصر 1956 |
| 650 | 0 | 4 | _aالشرق الاوسط - تاريخ |
| 650 | 0 | 4 | _aمصر - العلاقات الخارجية - الولايات المتحدة الامريكية |
| 650 | 0 | 4 | _aمصر - تاريخ - العصر الحديث - ثورة 23 يوليو 1952 |
| 700 | 1 | _aماير، جايل | |
| 942 |
_2ddc _cBK |
||
| 999 |
_c32869 _d32869 |
||